000 00408nam a22001217a 4500
999 _c9670
_d9670
003 OSt
008 201203b ||||| |||| 00| 0 eng d
245 _aIndian Journal of Mechanics And Structure
250 _a2014(Jul-Dec Vol.3 No.2) 2015(Jan-Jun Vol.4 No.1, Jul-Dec Vol.4 No.2) 2016(Jul-Dec Vol.5 No.2)
260 _aNew Delhi
_bGBS Publishers and Distributors
650 _aCivil Engineering
942 _2ddc
_cBV